=LDR 00000nam 2200000 4500 =001 INLIS000000000026051 =005 20130612124521 =008 ***********************************Ind** =035 ##$$0010-061300000026051 =041 ##$$a Ind =082 ##$$a 372.09 =090 ##$$a 372.09, Sum s =100 ##$$a Sumantri, Rhas =245 ##$$a Sejarah Nabi-Nabi 25 , Untuk Sekolah Dasar, Rhas Sumantri =260 ##$$a 1994 $b Jakarta =300 ##$$a 5 hlm., Ilus., 20 cm =650 ##$$a Pendidikan Dasar -Sejarah Nabi =850 ##$$a NBPNMAT